Name a Valid European City #1 - Statistics

General Stats
  • This quiz has been taken 292 times
  • The average score is 9 of 15
Answer Stats
Hint Valid cities Answers % Correct
Name one of the Polish cities with over half a million inhabitants, excluding the capital. 4 Kraków / Łódź / Wrocław / Poznań
93%
Name one of the top three Italian cities beginning with the letter B 3 Bologna / Bari / Brescia
82%
Name one of the most populous cities in Sicily 3 Palermo / Catania / Messina
81%
Name one of the five major Spanish cities near Gibraltar. 5 Malaga / Seville / Granada / Cordoba / Almeria
74%
Name one of the most populous cities in the Danish part of Jutland 5 Aarhus / Aalborg / Esbjerg / Randers / Kolding
65%
Name a pair of capitals that are closest to each other, excluding Rome and the Vatican within it. 2 Bratislava / Vienna
61%
Name one of the most populous cities in Corsica 3 Ajaccio / Bastia / Porto-Vecchio
58%
Name one of the most populous cities in the Alps 4 Grenoble / Innsbruck / Trento / Bolzano
56%
Name one of the Greek cities in Crete 3 Heraklion / Chania / Rethymno
56%
Name one of the Spanish enclaves in North Africa. 2 Ceuta / Melilla
55%
Name one of the German cities in Bavaria, excluding the capital. 5 Nuremberg / Augsburg / Regensburg / Würzburg / Ingolstadt
54%
Name one of the five most populous cities in Crimea. 5 Sevastopol / Simferopol / Kerch / Yevpatoria / Yalta
53%
Name one of the most populous cities within Arctic Circle 5 Murmansk / Tromsø / Apatity / Severomorsk / Bodø
49%
Name one of the top three Italian cities beginning with the letter L 3 Livorno / Latina / Lecce
46%
Name one of the Slovenian cities with over 25 thousand inhabitants, excluding the capital. 5 Maribor / Celje / Kranj / Koper / Velenje
42%
No matching quizzes found
Score Distribution
Percent of People with Each Score
Percentile by Number Answered
Your Score History
You have not taken this quiz